College Football National Champions Since 1980 - Statistics

General Stats
  • This quiz has been taken 128 times
    20 since last reset
  • The average score is 45 of 50
Answer Stats
Year Team % Correct
1992 Alabama
100%
2009 Alabama
100%
2011 Alabama
100%
2012 Alabama
100%
2015 Alabama
100%
2017 Alabama
100%
1981 Clemson
100%
2016 Clemson
100%
2018 Clemson
100%
1996 Florida
100%
2006 Florida
100%
2008 Florida
100%
1993 Florida State
100%
1999 Florida State
100%
2013 Florida State
100%
1980 Georgia
100%
2020 Georgia
100%
2021 Georgia
100%
2022 Georgia
100%
2025 Indiana
100%
2003 LSU
100%
2007 LSU
100%
2019 LSU
100%
1997 Michigan
100%
2023 Michigan
100%
2002 Ohio State
100%
2014 Ohio State
100%
2024 Ohio State
100%
2005 Texas
100%
2003 USC
100%
2004 USC
100%
1983 Miami (FL)
93%
1987 Miami (FL)
93%
1989 Miami (FL)
93%
1991 Miami (FL)
93%
2001 Miami (FL)
93%
2010 Auburn
86%
1994 Nebraska
86%
1995 Nebraska
86%
1997 Nebraska
86%
1998 Tennessee
86%
1985 Oklahoma
79%
2000 Oklahoma
79%
1988 Notre Dame
71%
1990 Georgia Tech
57%
1982 Penn State
57%
1986 Penn State
57%
1984 BYU
43%
1990 Colorado
36%
1991 Washington
36%
No matching quizzes found
Score Distribution
Percent of People with Each Score
Percentile by Number Answered
Your Score History
You have not taken this quiz since the last reset